00602nam a2200181Ia 4500082001200000100001400012245004500026260003100071300001900102650003800121650007600159650005000235650004400285650004100329650002200370650000900392710001900401 aTG.0325 aGirija, R 0aIdeology and politics of youth in Kerala c2002bUniversity of Kerala a283 + C D - 35 aYouthvPolitical activityvKerala aDemocratic Youth Federation of India (DYFI)vPolitical activityvKerala aPolitical partiesvKeralavPolitical activity aKeralavPolitics and governmentvKerala aIdeologyvKeralavPolitical activity aYouth in politics aDYFI aGopa Kumar, G.